| 000 | 00000nas 2200000za 4500 |
| 001 | 9.817085 |
| 003 | CaOODSP |
| 005 | 20221107142409 |
| 007 | cr ||||||||||| |
| 008 | 160506c20159999onc x m o f000#b0fre|d |
| 040 | |aCaOODSP|bfre |
| 043 | |an-cn--- |
| 086 | 1 |aPS113-1F-PDF |
| 130 | 0 |aRapport de recherche (Canada. Sécurité publique Canada) |
| 245 | 10|aRapport de recherche |h[ressource électronique]. |
| 260 | |a[Ottawa] : |bPublic Safety Canada, |c2015- |
| 310 | |aIrrégulier |
| 362 | 0 |aR001- |
| 500 | |aPubli. aussi en anglais sous le titre : Research report. |
| 692 | 07|2gccst|aSystème judiciaire |
| 692 | 07|2gccst|aMaintien de l'ordre public |
| 710 | 1 |aCanada. |bSécurité publique Canada. |bDivision de la recherche. |
| 775 | 08|tResearch report |w(CaOODSP)9.817073 |